| 000 | 00000nam##2200000za#4500 |
| 001 | 9.531221 |
| 003 | CaOODSP |
| 005 | 20220328113237 |
| 007 | ta |
| 008 | 150406|1998||||xxc||||| f|0| 0 fre|d |
| 020 | |a0-662-63776-3 |
| 040 | |aCaOODSP|bfre |
| 041 | |aeng |
| 041 | |afre |
| 043 | |an-cn--- |
| 086 | 1 |aC21-27/1-1998-3 |
| 110 | 1 |aCanada. |bIndustrie Canada. |
| 245 | 10|aL'intégration économique de l'Amérique du nord : |bles 25 dernières années et les 25 prochaines années / |cpar Gary Hufbauer et Jeffrey J. Schott. |
| 260 | |aOttawa - Ontario : |bIndustrie Canada |c1998. |
| 300 | |aTexte français, 72p. : |bgraphiques, tableaux ; |c23 cm. |
| 490 | 1 |aLe Canada au XXIe siècle. I, Mise en situation|vNo. 3 |
| 546 | |aBilingue |
| 590 | |a99-43|b1999-10-29 |
| 691 | 07|aRelations canado-américaines|2gcpds |
| 691 | 07|aLibre-échange|2gcpds |
| 691 | 07|aPolitique économique|2gcpds |
| 720 | 1 |aHufbauer, Gary |
| 720 | 1 |aSchott, Jeffrey J. |
| 776 | 0#|tNorth American economic integration : |w(CaOODSP)9.571949 |
| 776 | 0#|tL'intégration économique de l'Amérique du nord : |w(CaOODSP)9.602369 |
| 791 | |tNorth American economic integration : |eeng|w(CaOODSP)9.531220 |
| 830 | #0|aLe Canada au XXIe siècle. I, Mise en situation ;|vNo. 3|w(CaOODSP)9.509063 |